Planning conditions and obligations (Record no. 81519)

MARC details
000 -LEADER
fixed length control field 01108cad a22002055a 4500
001 - CONTROL NUMBER
control field E147374
008 - FIXED-LENGTH DATA ELEMENTS--GENERAL INFORMATION
fixed length control field 090507s2009 xxk 000 0 eng d
035 ## - SYSTEM CONTROL NUMBER
System control number (Sirsi) u147374
041 0# - LANGUAGE CODE
Language code of text/sound track or separate title eng
110 2# - MAIN ENTRY--CORPORATE NAME
Corporate name or jurisdiction name as entry element United Kingdom
Subordinate unit Planning Inspectorate
9 (RLIN) 2192
245 00 - TITLE STATEMENT
Title Planning conditions and obligations
Medium [electronic resource]
260 ## - PUBLICATION, DISTRIBUTION, ETC.
Date of publication, distribution, etc. [2009]
520 ## - SUMMARY, ETC.
Summary, etc. Sets out revised advice to Planning Inspectors regarding S106 obligations, to the effect that if a proposed development is only acceptable if a financial contribution is made towards the cost of providing infrastructure, and there is no satisfactory obligation in place to secure such payment, then the appeal may have to be dismissed. This does not mean, however, that a condition should never be used.
590 ## - LOCAL NOTE (RLIN)
Local note KA
650 24 - SUBJECT ADDED ENTRY--TOPICAL TERM
Topical term or geographic name entry element DOE CIRCULAR 11/1995
651 #4 - SUBJECT ADDED ENTRY--GEOGRAPHIC NAME
Geographic name England
Chronological subdivision 886-
690 ## - LOCAL SUBJECT ADDED ENTRY--TOPICAL TERM (OCLC, RLIN)
Topical term or geographic name as entry element Planning and development
9 (RLIN) 6259
856 40 - ELECTRONIC LOCATION AND ACCESS
Uniform Resource Identifier <a href="https://www.planning-inspectorate.gov.uk/pins/appeals/planning_appeals/guidance_for_planning_obligations.html">https://www.planning-inspectorate.gov.uk/pins/appeals/planning_appeals/guidance_for_planning_obligations.html</a>
Public note View the guidance free of charge at www.planning-inspectorate.gov.uk...
942 ## - ADDED ENTRY ELEMENTS (KOHA)
Suppress in OPAC 0
Holdings
Withdrawn status Lost status Source of classification or shelving scheme Damaged status Not for loan Home library Current library Shelving location Date acquired Total Checkouts Full call number Barcode Date last seen Copy number Price effective from Koha item type
    Dewey Decimal Classification     Virtual Virtual Online 07/05/2009   ONLINE PUBLICATION 147374-2001 06/08/2019 1 06/08/2019 Journal article